Normal view
MARC view
- Spiders
Entry Topical Term
001 - CONTROL NUMBER
- control field: 29407
003 - CONTROL NUMBER IDENTIFIER
- control field: NUST
005 - DATE AND TIME OF LATEST TRANSACTION
- control field: 20200824135155.0
008 - FIXED-LENGTH DATA ELEMENTS
- fixed length control field: 200824|| aca||aabn | a|a d
040 ## - CATALOGING SOURCE
- Original cataloging agency: NUST
- Transcribing agency: NUST
150 ## - HEADING--TOPICAL TERM
- Topical term or geographic name entry element: Spiders
670 ## - SOURCE DATA FOUND
- Source citation: Work cat.: (NUST)0: Morley, Christine, 1967- 29404, Totally amazing spiders /, c1998.
